000 01965nam a22002657a 4500
003 NALT
005 20250207153500.0
008 241009b th ||||| |||| 00| 0 tha d
020 _a9786166164541
040 _aNALT
050 _aS 494.5.N4
_bพ328ค 2567
100 0 _aจารุพล เรืองสุวรรณ.
_964929
245 1 0 _aคู่มือเกษตรทฤษฎีใหม่ ฉบับพิสูจน์แล้ว /
_cจารุพล เรืองสุวรรณ.
250 _aพิมพ์ครั้งที่ 2.
260 _aกรุงเทพฯ :
_bมติชน,
_c2567.
300 _a168 หน้า :
_bภาพประกอบ,
_c21 ซม.
505 0 _aบทที่ 1 ทำไมต้องเกษตรกรรม? -- บทที่ 2 หลักการและเหตุผลของเกษตรทฤษฎีใหม่ -- บทที่ 3 วิธีการลงมือทำ -- บทที่ 4 ตอบคำถาม -- เกษตรทฤษฎีใหม่ช่วยเกษตรกรได้อย่างไร? -- ภาครัฐควรมีบทบาทอย่างไร? -- ภาคเอกชนควรมีบทบาทอย่างไร? -- ประชาชนควรมีบทบาทอย่างไร? -- บทที่ 5 บทสรุปและข้อเสนอแนะ -- บทที่ 6 บทความพิเศษ "พึ่งตนเอง".
650 4 _aเกษตรทฤษฎีใหม่
_xคู่มือ
_965064
650 4 _aเกษตรกร
_xคู่มือ
_965065
942 _cGB
_2lcc
996 _apitikan.s
_bCATSTF
_c2024-10-09
996 _ajamriang.p
_bCATSTF
_c2024-10-31
999 _c105985
_d105985
998 _j8
_k นายบัณฑิต อุทาวงค์